00616nam a2200193Ia 4500008004100000020001800041082001600059100002400075245002800099250000900127260004200136300003000178500001900208600002700227650001500254942000700269952012900276999001700405240925s9999 xx 000 0 und d a9788131721216 a658.007 ROB aRobbins ,Stephen P. 0aOrganizational Behavior a13th aNew Delhi:bPearson Educationc,2009. axvi,1115p.bN.AfOriginal aIncludes Index aEngineering Technology aManagement cBK 001040708ETaUITUbUITUd2012-03-12eFair Book Centerg820.00l0o658.007 ROBpQ9109r2024-09-25 07:15:12w2024-09-25yBK c11608d11608